LIBRARY & INFORMATION CENTRE, KCAET, TAVANUR

ONLINE PUBLIC ACCESS CATALOGUE (OPAC)

Normal view MARC view
  • Mallick, Abhijith

Entry Personal Name

Number of records used in: 1

001 - CONTROL NUMBER

  • control field: 1270

003 - CONTROL NUMBER IDENTIFIER

  • control field: OSt

005 - DATE AND TIME OF LATEST TRANSACTION

  • control field: 20160823150146.0

008 - FIXED-LENGTH DATA ELEMENTS

  • fixed length control field: 160823|| aca||aabn | a|a d

040 ## - CATALOGING SOURCE

  • Original cataloging agency: OSt
  • Transcribing agency: OSt

100 ## - HEADING--PERSONAL NAME

  • Personal name: Mallick, Abhijith

670 ## - SOURCE DATA FOUND

  • Source citation: Work cat.: (OSt): Mallick, Abhijith, Environmental Science and Management, 2014
free website counter